Modern masonry : brick, block, stone (Record no. 380159)

MARC details
000 -LEADER
fixed length control field 00286nam a2200097Ia 4500
082 ## - DEWEY DECIMAL CLASSIFICATION NUMBER
Classification number -
008 - FIXED-LENGTH DATA ELEMENTS--GENERAL INFORMATION
fixed length control field 210817s9999 xx 000 0 und d
100 ## - MAIN ENTRY--PERSONAL NAME
Personal name KICKLIGHTER, Clois E. Tinley Park, Ill., 2002 - [c.2003]
9 (RLIN) 93088
245 #0 - TITLE STATEMENT
Title Modern masonry : brick, block, stone
942 ## - ADDED ENTRY ELEMENTS
item type Books
Holdings
Withdrawn status Lost status Damaged status Not for loan Home library Current library Date acquired Cost, normal purchase price Total Checkouts Barcode Date last seen Price effective from item type
        Wakkerstroom Wakkerstroom 20.08.2021 548.00   33228016592337 20.08.2021 20.08.2021 Books